000 00416nam a2200169Ia 4500
008 260520s2025 xx 000 0 und d
020 _a978-93-95161-96-1
041 _aeng
082 _a519.5/AGA
100 _aAgarwal ,B.L.
245 _aBasic Statistics
250 _a8th ed
260 _aNew Delhi
_bNew Age International Pub
_c2025
300 _a828p.
500 _aCat No: 14975
650 _aSTATISTICS
999 _c1221781
_d1221781